[Event "Bronshoj SenSommer 2017"]
[Site "Copenhagen"]
[Date "????.??.??"]
[Round "4"]
[White "Moller, Arne Vagn"]
[Black "Tandrup, Michael"]
[Result "0-1"]
[WhiteElo "1890"]
[BlackElo "1946"]
[PlyCount "68"]
[EventDate "2017.??.??"]
[EventType "tourn"]
[EventRounds "7"]
[EventCountry "DEN"]

1. e4 d6 2. d4 Nf6 3. f3 g6 4. c4 c5 5. d5 Bg7 6. Bd3 O-O 7. Ne2 e6 8. O-O exd5
9. cxd5 Nbd7 10. Nbc3 a6 11. a4 Ne5 12. Bc2 Rb8 13. f4 Neg4 14. h3 Nh6 15. Ng3
Ne8 16. Qf3 f5 17. exf5 Nxf5 18. Nxf5 Bxf5 19. Bxf5 Rxf5 20. g4 Rf8 21. Be3 Nc7
22. Rae1 b5 23. axb5 Nxb5 24. Ne4 Nd4 25. Bxd4 Bxd4+ 26. Kh1 Rxb2 27. Ng5 Qa5
28. Re2 Qc3 29. Qe4 Rxe2 30. Qxe2 h6 31. Nf3 Qe3 32. Qxa6 Qxf4 33. Qd3 Kg7 34.
Nd2 Qxd2 0-1

[Event "Bronshoj SenSommer 2017"]
[Site "Copenhagen"]
[Date "????.??.??"]
[Round "2"]
[White "Steenstrup, Svend"]
[Black "Tandrup, Michael"]
[Result "1/2-1/2"]
[WhiteElo "1965"]
[BlackElo "1946"]
[PlyCount "114"]
[EventDate "2017.??.??"]
[EventType "tourn"]
[EventRounds "7"]
[EventCountry "DEN"]

1. d4 Nf6 2. c4 e6 3. Nc3 Bb4 4. e3 O-O 5. Nge2 d5 6. a3 Be7 7. Nf4 c6 8. Rb1
Nbd7 9. cxd5 Nxd5 10. e4 Nxc3 11. bxc3 e5 12. Nh5 Nf6 13. Ng3 exd4 14. cxd4
Qa5+ 15. Bd2 Qxa3 16. Be2 Rd8 17. O-O Rxd4 18. Qc2 Qa4 19. Qb2 Ba3 20. Qc3 Bf8
21. Be3 Rd8 22. Ra1 Qb4 23. Qxb4 Bxb4 24. Rfb1 c5 25. e5 Nd5 26. Bg5 Re8 27.
Bf3 Be6 28. Ne4 Bf5 29. Nd6 Rxe5 30. Nc4 Bxb1 31. Nxe5 Nc3 32. Bxb7 Re8 33. Nf3
a5 34. h4 f6 35. Be3 Be4 36. Ba6 Rd8 37. Bc4+ Kh8 38. Nd2 Bc2 39. Nb3 a4 40.
Bxc5 Bxb3 41. Bxb4 Rd4 42. Re1 Bxc4 43. Bxc3 Rxh4 44. Re8+ Bg8 45. Ra8 Rc4 46.
Bb2 h6 47. Ra7 Rg4 48. f3 Rb4 49. Ba3 Rb1+ 50. Kf2 Bb3 51. Bf8 g6 52. Bg7+ Kg8
53. Bxf6 Bc2 54. Kg3 Rb5 55. Bd4 h5 56. f4 Bb1 57. Rxa4 Rb7 1/2-1/2

[Event "Bronshoj SenSommer 2017"]
[Site "Copenhagen"]
[Date "????.??.??"]
[Round "6"]
[White "Renneberg, Morten"]
[Black "Tandrup, Michael"]
[Result "1/2-1/2"]
[WhiteElo "2026"]
[BlackElo "1946"]
[PlyCount "38"]
[EventDate "2017.??.??"]
[EventType "tourn"]
[EventRounds "7"]
[EventCountry "DEN"]

1. d4 d5 2. Nf3 Nf6 3. e3 g6 4. c4 Bg7 5. Nc3 O-O 6. cxd5 Nxd5 7. Qb3 Nb6 8.
Be2 Be6 9. Qc2 c6 10. b3 Bg4 11. Bb2 Nd5 12. a3 Nxc3 13. Bxc3 Nd7 14. h3 Bxf3
15. Bxf3 e5 16. d5 cxd5 17. Bxd5 Qc7 18. Be4 Rac8 19. Rc1 Nf6 1/2-1/2

[Event "Bronshoj SenSommer 2017"]
[Site "Copenhagen"]
[Date "????.??.??"]
[Round "2"]
[White "Moller, Arne Vagn"]
[Black "Sorensen, Dick"]
[Result "0-1"]
[WhiteElo "1890"]
[BlackElo "2041"]
[PlyCount "94"]
[EventDate "2017.??.??"]
[EventType "tourn"]
[EventRounds "7"]
[EventCountry "DEN"]

1. e4 c5 2. Nf3 e6 3. d4 cxd4 4. Nxd4 a6 5. Be2 Qc7 6. O-O Nf6 7. Bf3 Nc6 8.
Nxc6 bxc6 9. c4 Bd6 10. h3 O-O 11. Nc3 Rb8 12. b3 Be5 13. Bb2 c5 14. Qc2 Bd4
15. Rad1 d6 16. Bc1 Bb7 17. Ne2 e5 18. Ng3 Bc8 19. Bg5 Ne8 20. Qe2 a5 21. Rd3
f6 22. Be3 a4 23. Bxd4 cxd4 24. Qc2 axb3 25. axb3 d5 26. Rc1 dxe4 27. Bxe4 f5
28. Bd5+ Kh8 29. Qd2 Nf6 30. Qg5 h6 31. Qd2 Qd6 32. Qa5 Rd8 33. Bf7 e4 34. Rdd1
f4 35. Ne2 Rf8 36. Rxd4 Qe7 37. Bg6 f3 38. Nf4 e3 39. Bd3 exf2+ 40. Kxf2 Ng4+
41. hxg4 fxg2 42. Bf5 Bxf5 43. gxf5 Qh4+ 44. Kxg2 Qg4+ 45. Kh2 Rxf5 46. Qc3
Rxb3 47. Ng2 Rh5+ 0-1

[Event "Bronshoj SenSommer 2017"]
[Site "Copenhagen"]
[Date "????.??.??"]
[Round "5"]
[White "Tandrup, Michael"]
[Black "Sorensen, Dick"]
[Result "1/2-1/2"]
[WhiteElo "1946"]
[BlackElo "2041"]
[PlyCount "69"]
[EventDate "2017.??.??"]
[EventType "tourn"]
[EventRounds "7"]
[EventCountry "DEN"]

1. c4 c5 2. Nc3 Nc6 3. g3 d6 4. Nf3 e5 5. d3 g6 6. Bg2 Bg7 7. e4 Nge7 8. O-O
O-O 9. Bg5 h6 10. Bd2 a6 11. Ne1 Nd4 12. Nc2 Nxc2 13. Qxc2 Nc6 14. Nd5 Nd4 15.
Qd1 Be6 16. Be3 Bxd5 17. cxd5 b5 18. Qd2 Kh7 19. f4 Rc8 20. fxe5 dxe5 21. Bh3
Rc7 22. Rf2 c4 23. Raf1 cxd3 24. Qxd3 Qd6 25. Bg4 Kg8 26. Bh3 Kh7 27. g4 f6 28.
Re1 Ne6 29. Qf1 Nc5 30. Bd2 Qb6 31. Kh1 Nd3 32. Be3 Nxf2+ 33. Qxf2 Qd6 34. Bb6
Rcc8 35. Qe3 1/2-1/2

[Event "Bronshoj SenSommer 2017"]
[Site "Copenhagen"]
[Date "????.??.??"]
[Round "7"]
[White "Steenstrup, Svend"]
[Black "Sorensen, Dick"]
[Result "1/2-1/2"]
[WhiteElo "1965"]
[BlackElo "2041"]
[PlyCount "73"]
[EventDate "2017.??.??"]
[EventType "tourn"]
[EventRounds "7"]
[EventCountry "DEN"]

1. d4 d5 2. e3 Nf6 3. c4 e6 4. Nf3 c6 5. Nbd2 Nbd7 6. b3 Bd6 7. Bb2 O-O 8. Bd3
b6 9. Ne5 Bb7 10. f4 c5 11. cxd5 exd5 12. Qf3 Re8 13. Qh3 Nf8 14. O-O a6 15.
Ndf3 Ne4 16. Ng5 Bxe5 17. dxe5 Nxg5 18. fxg5 Qxg5 19. Rf5 Qg6 20. Qh4 d4 21. e4
Ne6 22. Raf1 Rf8 23. Qe7 Bc6 24. Bc1 b5 25. R1f3 Rae8 26. Qd6 Nd8 27. Qxc5 Ne6
28. Qd6 Qg4 29. h3 Qh4 30. Kh2 Rc8 31. Ba3 Rfd8 32. Qb4 Rd7 33. g3 Qd8 34. Qd2
Bb7 35. Qf2 Qe8 36. Bd6 Rc3 37. Bb1 1/2-1/2

[Event "Bronshoj SenSommer 2017"]
[Site "Copenhagen"]
[Date "????.??.??"]
[Round "5"]
[White "Steenstrup, Svend"]
[Black "Nielsen, John Holm"]
[Result "1-0"]
[WhiteElo "1965"]
[BlackElo "2017"]
[PlyCount "77"]
[EventDate "2017.??.??"]
[EventType "tourn"]
[EventRounds "7"]
[EventCountry "DEN"]

1. d4 d5 2. e3 Nf6 3. c4 e6 4. Nf3 c6 5. Nbd2 Nbd7 6. Bd3 Bd6 7. O-O O-O 8. c5
Bc7 9. b4 e5 10. e4 exd4 11. exd5 Nxd5 12. Nc4 N7f6 13. Qb3 Nf4 14. Bb2 Bg4 15.
Nce5 Be6 16. Bc4 N6d5 17. Rfe1 d3 18. Nxd3 Nxd3 19. Qxd3 Re8 20. Qd4 f6 21.
Rad1 Qd7 22. Qh4 Qf7 23. Nd4 Rad8 24. Bd3 g6 25. Nxe6 Rxe6 26. Rxe6 Qxe6 27.
Bc4 Be5 28. Re1 Bxh2+ 29. Kf1 Be5 30. Rxe5 fxe5 31. Qxd8+ Kg7 32. Bxd5 cxd5 33.
Qc7+ Kf6 34. f4 d4 35. Qxe5+ Qxe5 36. fxe5+ Kxe5 37. Ke2 Ke4 38. b5 Kd5 39.
Bxd4 1-0

[Event "Bronshoj SenSommer 2017"]
[Site "Copenhagen"]
[Date "????.??.??"]
[Round "6"]
[White "Larsen, Soren Friis"]
[Black "Nielsen, John Holm"]
[Result "0-1"]
[WhiteElo "1942"]
[BlackElo "2017"]
[PlyCount "158"]
[EventDate "2017.??.??"]
[EventType "tourn"]
[EventRounds "7"]
[EventCountry "DEN"]

1. d4 d5 2. c4 c6 3. Nf3 Nf6 4. Nc3 dxc4 5. a4 Bf5 6. Ne5 e6 7. f3 Bb4 8. e3 b5
9. Bd2 Qb6 10. g4 Bg6 11. Bg2 Nbd7 12. Nxg6 hxg6 13. axb5 cxb5 14. O-O Rc8 15.
Ne4 Bxd2 16. Qxd2 O-O 17. Nxf6+ Nxf6 18. Qa5 Nd5 19. Rfe1 Rc7 20. f4 Rb8 21. f5
gxf5 22. gxf5 Qxa5 23. Rxa5 Nb4 24. fxe6 fxe6 25. Be4 a6 26. Re2 Rf8 27. Ra1
Rcf7 28. Kg2 Rf6 29. h4 e5 30. dxe5 Re6 31. Rd1 Rxe5 32. Bg6 Nd5 33. Rde1 a5
34. Kg3 b4 35. Rf2 Rxf2 36. Kxf2 Ne7 37. Rg1 Nxg6 38. Rxg6 Rc5 39. Ke2 c3 40.
bxc3 Rxc3 41. Kd2 Rc5 42. Rb6 Rh5 43. Kd3 Rxh4 44. e4 Rh6 45. Rb5 Ra6 46. Kc4
Kf7 47. Rb7+ Kf6 48. e5+ Kxe5 49. Rxg7 Ra8 50. Rg5+ Kf6 51. Rc5 Ke6 52. Kb3 Kd6
53. Rh5 Kc6 54. Rg5 Kb6 55. Rg6+ Kc5 56. Rg5+ Kd4 57. Rg4+ Ke3 58. Rg3+ Kf4 59.
Rg2 Rb8 60. Rc2 Rb5 61. Rc4+ Ke3 62. Rh4 Rf5 63. Rh8 Kd4 64. Rh3 Re5 65. Rh8
Re3+ 66. Kb2 a4 67. Rd8+ Kc5 68. Rc8+ Kd6 69. Rc2 a3+ 70. Kb1 b3 71. Rc1 Kd5
72. Rd1+ Kc4 73. Ka1 Kc3 74. Rb1 Re2 75. Rc1+ Rc2 76. Rh1 b2+ 77. Ka2 Rc1 78.
Rxc1+ bxc1=B 79. Ka1 Kb3 0-1

[Event "Bronshoj SenSommer 2017"]
[Site "Copenhagen"]
[Date "????.??.??"]
[Round "3"]
[White "Tandrup, Michael"]
[Black "Nielsen, John Holm"]
[Result "1/2-1/2"]
[WhiteElo "1946"]
[BlackElo "2017"]
[PlyCount "29"]
[EventDate "2017.??.??"]
[EventType "tourn"]
[EventRounds "7"]
[EventCountry "DEN"]

1. c4 e5 2. Nc3 Nf6 3. Nf3 Nc6 4. d4 exd4 5. Nxd4 Nxd4 6. Qxd4 Be7 7. g3 O-O 8.
Bg2 c6 9. O-O Qb6 10. Qxb6 axb6 11. Rd1 d6 12. b3 Be6 13. Bb2 Rfd8 14. Ne4 Nxe4
15. Bxe4 1/2-1/2

[Event "Bronshoj SenSommer 2017"]
[Site "Copenhagen"]
[Date "????.??.??"]
[Round "1"]
[White "Sorensen, Dick"]
[Black "Nielsen, John Holm"]
[Result "0-1"]
[WhiteElo "2041"]
[BlackElo "2017"]
[PlyCount "174"]
[EventDate "2017.??.??"]
[EventType "tourn"]
[EventRounds "7"]
[EventCountry "DEN"]

1. d4 d5 2. c4 c6 3. e3 Nf6 4. Nc3 e6 5. Nf3 Nbd7 6. Bd3 Bd6 7. O-O O-O 8. a3
dxc4 9. Bxc4 e5 10. Qc2 Qe7 11. h3 e4 12. Nd2 Re8 13. Rd1 Nb6 14. Ba2 Bf5 15.
Nf1 Bg6 16. Rb1 Rac8 17. b4 Nfd5 18. Bd2 Bh5 19. Rdc1 Nxc3 20. Bxc3 Qg5 21. g3
Bf3 22. Nh2 h5 23. h4 Qf5 24. Nxf3 Qxf3 25. Qd1 Qf5 26. Qe2 g6 27. Ba1 Nd5 28.
Bxd5 cxd5 29. Bb2 Qd7 30. Rxc8 Rxc8 31. Rc1 Rxc1+ 32. Bxc1 Qc6 33. Bb2 b5 34.
Kg2 a6 35. g4 Qc4 36. Qxc4 bxc4 37. gxh5 gxh5 38. Bc3 Kf8 39. a4 Ke7 40. Kh3
Ke6 41. Be1 f5 42. Bd2 Kf6 43. Bc3 f4 44. Bd2 f3 45. Bc3 Ke6 46. Bd2 Kd7 47.
Bc3 Kc6 48. Bd2 Kb6 49. Bc3 a5 50. b5 Bb4 51. Bb2 Bd2 52. Kg3 c3 53. Ba3 c2 54.
Kf4 c1=Q 55. Bxc1 Bxc1 56. Kg3 Bd2 57. Kh2 Be1 58. Kg1 Kb7 59. Kf1 Bb4 60. Kg1
Be7 61. Kh2 Bxh4 62. Kg1 Bd8 63. Kh2 h4 64. Kh3 Kc8 65. Kg4 Kd7 66. Kh3 Ke6 67.
Kg4 Kf7 68. Kf4 Kf6 69. Kg4 Kg6 70. Kh3 Kf5 71. Kh2 Kg4 72. Kg1 h3 73. Kh2 Bc7+
74. Kg1 h2+ 75. Kh1 Kh4 76. b6 Bxb6 77. Kxh2 Bc7+ 78. Kg1 Kh3 79. Kh1 Bd6 80.
Kg1 Bb4 81. Kf1 Bc3 82. Kg1 Kg4 83. Kf1 Kf5 84. Kg1 Bxd4 85. exd4 Kf4 86. Kf1
e3 87. fxe3+ Kxe3 0-1

[Event "Bronshoj SenSommer 2017"]
[Site "Copenhagen"]
[Date "????.??.??"]
[Round "2"]
[White "Larsen, Soren Friis"]
[Black "Nicolaisen, Jeppe"]
[Result "0-1"]
[WhiteElo "1942"]
[BlackElo "2013"]
[PlyCount "50"]
[EventDate "2017.??.??"]
[EventType "tourn"]
[EventRounds "7"]
[EventCountry "DEN"]

1. c4 e6 2. Nf3 f5 3. Nc3 Nf6 4. g3 Be7 5. Bg2 O-O 6. b3 d6 7. d4 Ne4 8. Qc2
Nxc3 9. Qxc3 Nc6 10. h4 e5 11. O-O Bf6 12. e3 e4 13. Ne1 Qe8 14. f3 Qg6 15. Kf2
f4 16. gxf4 Bxh4+ 17. Kg1 Bh3 18. Rf2 exf3 19. Qb2 Bxf2+ 20. Qxf2 Bxg2 21. Bb2
Rf5 22. Nxg2 Qxg2+ 23. Qxg2 fxg2 24. Kxg2 Re8 25. Kf3 Rh5 0-1

[Event "Bronshoj SenSommer 2017"]
[Site "Copenhagen"]
[Date "????.??.??"]
[Round "6"]
[White "Sorensen, Dick"]
[Black "Nicolaisen, Jeppe"]
[Result "1/2-1/2"]
[WhiteElo "2041"]
[BlackElo "2013"]
[PlyCount "36"]
[EventDate "2017.??.??"]
[EventType "tourn"]
[EventRounds "7"]
[EventCountry "DEN"]

1. d4 d5 2. c4 e6 3. Nc3 Nf6 4. Bg5 Be7 5. e3 O-O 6. Nf3 h6 7. Bh4 Ne4 8. Nxe4
dxe4 9. Bxe7 Qxe7 10. Nd2 f5 11. Qc2 c5 12. O-O-O Nc6 13. Qc3 Rd8 14. Nb3 b6
15. Be2 Bb7 16. dxc5 bxc5 17. Na5 Nxa5 18. Qxa5 e5 1/2-1/2

[Event "Bronshoj SenSommer 2017"]
[Site "Copenhagen"]
[Date "????.??.??"]
[Round "4"]
[White "Nielsen, John Holm"]
[Black "Nicolaisen, Jeppe"]
[Result "0-1"]
[WhiteElo "2017"]
[BlackElo "2013"]
[PlyCount "116"]
[EventDate "2017.??.??"]
[EventType "tourn"]
[EventRounds "7"]
[EventCountry "DEN"]

1. Nc3 d5 2. e4 e6 3. Nf3 Nf6 4. exd5 exd5 5. d4 Bd6 6. Bg5 c6 7. Bd3 Qe7+ 8.
Qe2 Qxe2+ 9. Bxe2 Bf5 10. O-O-O Nbd7 11. Nh4 Be6 12. f4 h6 13. f5 hxg5 14. fxe6
gxh4 15. exd7+ Kxd7 16. Bf3 Rae8 17. h3 Ne4 18. Bxe4 dxe4 19. Rhf1 Re7 20. Rf5
e3 21. Ne2 Rh6 22. Rdf1 Rg6 23. Rxf7 Rxg2 24. Rxe7+ Kxe7 25. Kd1 Rh2 26. Ng1
Rd2+ 27. Kc1 Bg3 28. Rd1 Rf2 29. Re1 Rxc2+ 30. Kxc2 Bxe1 31. Kd3 Bf2 32. Ne2 g5
33. Ke4 Kf6 34. Kf3 Ke6 35. Ke4 Kf6 36. Kf3 Kf5 37. Nc3 Bg1 38. Ne2 Bh2 39.
Kxe3 g4 40. hxg4+ Kxg4 41. Kf2 Bf4 42. Nc3 h3 43. d5 Be5 44. dxc6 Bd4+ 45. Kf1
bxc6 46. Ne4 Bxb2 47. Nf2+ Kg3 48. Ne4+ Kf3 49. Nd2+ Kg4 50. Kg1 Bd4+ 51. Kh2
Be5+ 52. Kh1 Kf4 53. Nc4 Ke4 54. Nd2+ Kd5 55. Nf3 c5 56. Ng5 c4 57. Nxh3 c3 58.
Nf2 Kd4 0-1

[Event "Bronshoj SenSommer 2017"]
[Site "Copenhagen"]
[Date "????.??.??"]
[Round "1"]
[White "Tandrup, Michael"]
[Black "Nicolaisen, Jeppe"]
[Result "1-0"]
[WhiteElo "1946"]
[BlackElo "2013"]
[PlyCount "71"]
[EventDate "2017.??.??"]
[EventType "tourn"]
[EventRounds "7"]
[EventCountry "DEN"]

1. d4 f5 2. Qd3 d5 3. g4 fxg4 4. h3 g3 5. fxg3 g6 6. Bf4 Bg7 7. Nf3 Nf6 8. Nc3
c6 9. g4 O-O 10. O-O-O Nxg4 11. hxg4 Rxf4 12. Qe3 Qf8 13. Ng5 h6 14. Ne6 Bxe6
15. Qxe6+ Kh7 16. g5 Rf2 17. Kb1 h5 18. e3 Qf7 19. Rxh5+ Kg8 20. Qc8+ Bf8 21.
Rh1 Qf5 22. Qxf5 Rxf5 23. e4 Rxg5 24. exd5 cxd5 25. Nxd5 Rxd5 26. Bc4 e6 27.
Rhe1 Rd6 28. Bxe6+ Kg7 29. c4 Nc6 30. d5 Nd8 31. c5 Ra6 32. d6 Nxe6 33. Rxe6
Kf7 34. Re4 Re8 35. Rf1+ Kg7 36. Rxe8 1-0

[Event "Bronshoj SenSommer 2017"]
[Site "Copenhagen"]
[Date "????.??.??"]
[Round "3"]
[White "Renneberg, Morten"]
[Black "Moller, Arne Vagn"]
[Result "1-0"]
[WhiteElo "2026"]
[BlackElo "1890"]
[PlyCount "87"]
[EventDate "2017.??.??"]
[EventType "tourn"]
[EventRounds "7"]
[EventCountry "DEN"]

1. d4 Nf6 2. Bg5 e6 3. e4 Be7 4. e5 Nd5 5. Bxe7 Qxe7 6. c4 Nb6 7. Nc3 O-O 8.
Bd3 d6 9. Nf3 dxe5 10. dxe5 h6 11. Qe2 Nc6 12. Qe4 g6 13. a3 Kg7 14. Qf4 f5 15.
exf6+ Rxf6 16. Qg3 Qd6 17. Qxd6 cxd6 18. Ne4 Rf4 19. Nxd6 e5 20. b3 Bf5 21.
Bxf5 gxf5 22. Rd1 e4 23. Nd4 Nxd4 24. Rxd4 Kf6 25. Nxb7 Ke5 26. Rd8 Rxd8 27.
Nxd8 Rg4 28. g3 Rg7 29. Ke2 Rc7 30. Rd1 h5 31. f4+ exf3+ 32. Kxf3 Nxc4 33. bxc4
Rxc4 34. Rd3 a5 35. Nf7+ Ke6 36. Ng5+ Ke5 37. Nh3 Rc2 38. Nf2 Rc4 39. Rb3 Kf6
40. Rb6+ Kg7 41. Re6 Kf7 42. Re3 Kf6 43. Nd3 Rc2 44. h4 1-0

[Event "Bronshoj SenSommer 2017"]
[Site "Copenhagen"]
[Date "????.??.??"]
[Round "5"]
[White "Nicolaisen, Jeppe"]
[Black "Moller, Arne Vagn"]
[Result "1-0"]
[WhiteElo "2013"]
[BlackElo "1890"]
[PlyCount "63"]
[EventDate "2017.??.??"]
[EventType "tourn"]
[EventRounds "7"]
[EventCountry "DEN"]

1. d4 Nf6 2. Nc3 d5 3. Bf4 c6 4. Qd3 g6 5. f3 Bg7 6. O-O-O Nh5 7. Be5 f6 8. Bg3
Nd7 9. e3 Nb6 10. Qd2 Nxg3 11. hxg3 Qc7 12. g4 Be6 13. Bd3 O-O-O 14. Nge2 Kb8
15. Kb1 Bf7 16. Qe1 Ka8 17. Nc1 e5 18. Qg3 Qe7 19. Nb3 Nd7 20. Qe1 Rc8 21. Bf1
g5 22. e4 Bg6 23. exd5 cxd5 24. Bd3 Bxd3 25. Rxd3 Nb6 26. dxe5 fxe5 27. Nxd5
Nxd5 28. Rxd5 Qf6 29. Qe4 h6 30. Rd7 Rc6 31. Na5 Rb6 32. Rxb7 1-0

[Event "Bronshoj SenSommer 2017"]
[Site "Copenhagen"]
[Date "????.??.??"]
[Round "7"]
[White "Nielsen, John Holm"]
[Black "Moller, Arne Vagn"]
[Result "1/2-1/2"]
[WhiteElo "2017"]
[BlackElo "1890"]
[PlyCount "79"]
[EventDate "2017.??.??"]
[EventType "tourn"]
[EventRounds "7"]
[EventCountry "DEN"]

1. Nc3 c5 2. Nf3 d6 3. d4 cxd4 4. Nxd4 e6 5. e4 a6 6. Be2 Nf6 7. O-O Be7 8. Be3
O-O 9. f4 Qc7 10. Bf3 Nc6 11. Qe1 Bd7 12. Qf2 Rac8 13. Rad1 b5 14. a3 Qb8 15.
Nb3 a5 16. Rd2 a4 17. Nc1 e5 18. Nd5 Bd8 19. Rfd1 Ng4 20. Bxg4 Bxg4 21. Rf1 Be6
22. f5 Bxd5 23. Rxd5 f6 24. Rfd1 Bc7 25. Qe2 Bb6 26. c3 Na5 27. Bxb6 Qxb6+ 28.
Qf2 Qb7 29. Qe2 Nc4 30. Qf2 Rc6 31. Nd3 Rc7 32. Nb4 Rfc8 33. Re1 Rd7 34. Rd3
Nb6 35. Nd5 Nxd5 36. Rxd5 Rc4 37. Qe3 h6 38. Red1 Qc6 39. Qd3 Kh7 40. Qe3
1/2-1/2

[Event "Bronshoj SenSommer 2017"]
[Site "Copenhagen"]
[Date "????.??.??"]
[Round "2"]
[White "Nielsen, John Holm"]
[Black "Renneberg, Morten"]
[Result "1-0"]
[WhiteElo "2017"]
[BlackElo "2026"]
[PlyCount "99"]
[EventDate "2017.??.??"]
[EventType "tourn"]
[EventRounds "7"]
[EventCountry "DEN"]

1. Nc3 Nf6 2. e4 e5 3. Nf3 Nc6 4. Bc4 Bc5 5. d3 h6 6. O-O O-O 7. a3 d6 8. h3
Be6 9. Ba2 Bxa2 10. Rxa2 d5 11. exd5 Nxd5 12. Ne4 Bb6 13. c4 Nf6 14. b4 Bd4 15.
Nxf6+ Qxf6 16. b5 Ne7 17. Nxd4 exd4 18. Re2 c5 19. Rfe1 Ng6 20. Re4 a6 21. a4
axb5 22. axb5 Ra2 23. R4e2 Rfa8 24. Qb3 Rxe2 25. Rxe2 Ra1 26. Qb2 Ra8 27. Re4
Qb6 28. Kh2 Qa5 29. Qe2 Qc7+ 30. g3 Ra1 31. Bf4 Qa5 32. h4 Qb4 33. Bd2 Qb1 34.
Be1 Qd1 35. Re8+ Kh7 36. h5 Nf8 37. Qxd1 Rxd1 38. Rxf8 Rxe1 39. Rxf7 b6 40. Rb7
Re6 41. Rc7 Kg8 42. Kg2 Kf8 43. Rb7 Kg8 44. Kf3 Kf8 45. g4 Kg8 46. Kf4 Rf6+ 47.
Ke5 Rxf2 48. Rxb6 Rf3 49. Rc6 Rxd3 50. Rxc5 1-0

[Event "Bronshoj SenSommer 2017"]
[Site "Copenhagen"]
[Date "????.??.??"]
[Round "7"]
[White "Nicolaisen, Jeppe"]
[Black "Renneberg, Morten"]
[Result "1-0"]
[WhiteElo "2013"]
[BlackElo "2026"]
[PlyCount "129"]
[EventDate "2017.??.??"]
[EventType "tourn"]
[EventRounds "7"]
[EventCountry "DEN"]

1. Nc3 d5 2. e4 d4 3. Nce2 e5 4. Ng3 Bd6 5. Bb5+ c6 6. Ba4 Be6 7. Bb3 Bxb3 8.
axb3 d3 9. Nf3 dxc2 10. Qxc2 Ne7 11. O-O O-O 12. Qc3 a5 13. Nxe5 Bb4 14. Qe3 f6
15. Nf3 c5 16. d4 cxd4 17. Qxd4 Nbc6 18. Qc4+ Kh8 19. Be3 Qb8 20. Qb5 Na7 21.
Qh5 Nac6 22. Rfd1 Qc8 23. Qb5 Na7 24. Bxa7 Rxa7 25. Rac1 Nc6 26. Nd4 Nxd4 27.
Qb6 Nc6 28. Rxc6 Qxc6 29. Qxa7 Qc2 30. Qd4 Bc5 31. Qd2 Qxb3 32. Nf5 g6 33. Nd4
Qb6 34. Nf3 Kg7 35. h4 h6 36. Qc2 Rf7 37. Rd5 Rc7 38. Qd2 Qb4 39. Rd7+ Rxd7 40.
Qxd7+ Be7 41. Nd4 Qd6 42. Ne6+ Kh7 43. Nf8+ Kg8 44. Qxd6 Bxd6 45. Nxg6 b5 46.
Kf1 Kf7 47. h5 a4 48. Ke2 b4 49. Kd3 Bc5 50. Kc4 a3 51. bxa3 bxa3 52. Kb3 Bxf2
53. Kxa3 Ke6 54. Kb3 Kd6 55. Kc4 Bg3 56. Kd4 Bf2+ 57. Kd3 Ke6 58. Ke2 Bg3 59.
Kf3 Be1 60. Nf4+ Kd6 61. Kg4 Bf2 62. Kf5 Bg3 63. Nd5 Kc5 64. Nxf6 Kd4 65. Ng4
1-0

[Event "Bronshoj SenSommer 2017"]
[Site "Copenhagen"]
[Date "????.??.??"]
[Round "4"]
[White "Sorensen, Dick"]
[Black "Renneberg, Morten"]
[Result "1-0"]
[WhiteElo "2041"]
[BlackElo "2026"]
[PlyCount "53"]
[EventDate "2017.??.??"]
[EventType "tourn"]
[EventRounds "7"]
[EventCountry "DEN"]

1. d4 d5 2. c4 c6 3. e3 Nf6 4. Nc3 g6 5. Bd3 Bg7 6. f4 dxc4 7. Bxc4 O-O 8. Nf3
Bf5 9. O-O Ne4 10. Ne5 Nxc3 11. bxc3 b5 12. Bd3 Bxe5 13. fxe5 Bxd3 14. Qxd3 Qa5
15. e4 Nd7 16. Bh6 c5 17. Bxf8 Rxf8 18. e6 fxe6 19. Rxf8+ Nxf8 20. dxc5 a6 21.
Rf1 Qc7 22. c6 g5 23. Qf3 Ng6 24. Qf7+ Kh8 25. Qe8+ Kg7 26. Qd7 Qb6+ 27. Qd4+
1-0

[Event "Bronshoj SenSommer 2017"]
[Site "Copenhagen"]
[Date "????.??.??"]
[Round "4"]
[White "Larsen, Soren Friis"]
[Black "Steenstrup, Svend"]
[Result "1-0"]
[WhiteElo "1942"]
[BlackElo "1965"]
[PlyCount "85"]
[EventDate "2017.??.??"]
[EventType "tourn"]
[EventRounds "7"]
[EventCountry "DEN"]

1. c4 e5 2. g3 c6 3. d4 exd4 4. Nf3 Bb4+ 5. Nbd2 c5 6. Bg2 Nc6 7. O-O Nf6 8.
Nb3 d6 9. a3 Ba5 10. Nxa5 Qxa5 11. e3 Bg4 12. exd4 O-O 13. Be3 d5 14. dxc5 dxc4
15. Qc2 Qa6 16. Rac1 Na5 17. Nd2 Rad8 18. Rfe1 Be6 19. Bg5 Nb3 20. Nxb3 cxb3
21. Qe2 Qxe2 22. Rxe2 Rd7 23. Bxf6 gxf6 24. f4 Bg4 25. Rf2 Rfd8 26. h3 Rd1+ 27.
Rxd1 Rxd1+ 28. Rf1 Rxf1+ 29. Kxf1 Bc8 30. Ke2 Kf8 31. Kd3 b5 32. Kc3 Be6 33.
Kb4 Bc4 34. a4 a6 35. axb5 Bxb5 36. Ka5 Ke7 37. Kb6 Bc4 38. c6 Kd6 39. f5 Bb5
40. g4 h6 41. Bf3 Ba4 42. Kb7 a5 43. Kb6 1-0

[Event "Bronshoj SenSommer 2017"]
[Site "Copenhagen"]
[Date "????.??.??"]
[Round "3"]
[White "Nicolaisen, Jeppe"]
[Black "Steenstrup, Svend"]
[Result "0-1"]
[WhiteElo "2013"]
[BlackElo "1965"]
[PlyCount "90"]
[EventDate "2017.??.??"]
[EventType "tourn"]
[EventRounds "7"]
[EventCountry "DEN"]

1. d4 Nf6 2. Nc3 c5 3. d5 e6 4. e4 exd5 5. exd5 d6 6. Bb5+ Nbd7 7. a4 Qe7+ 8.
Qe2 a6 9. Qxe7+ Bxe7 10. Be2 Nb6 11. Bf3 Bf5 12. Kd1 Ng4 13. Bxg4 Bxg4+ 14. f3
Bf5 15. g4 Bg6 16. a5 Nd7 17. Nce2 O-O-O 18. Nf4 Bh4 19. Nxg6 hxg6 20. Bf4 g5
21. Bd2 Ne5 22. h3 Nc4 23. b3 Ne5 24. f4 gxf4 25. Bxf4 Bf2 26. Ke2 Bd4 27. Bxe5
Rde8 28. Kd3 Rxe5 29. c3 Re3+ 30. Kd2 Rxc3 31. Ne2 Rcxh3 32. Rxh3 Rxh3 33. Nxd4
cxd4 34. Rf1 f6 35. g5 fxg5 36. Rf8+ Kc7 37. Rf7+ Kb8 38. Kc2 Rc3+ 39. Kb2 Rc5
40. Rf5 d3 41. Rxg5 d2 42. Rg1 Rxd5 43. Rd1 Kc7 44. Kc3 Kc6 45. b4 g5 0-1

[Event "Bronshoj SenSommer 2017"]
[Site "Copenhagen"]
[Date "????.??.??"]
[Round "1"]
[White "Renneberg, Morten"]
[Black "Steenstrup, Svend"]
[Result "1-0"]
[WhiteElo "2026"]
[BlackElo "1965"]
[PlyCount "87"]
[EventDate "2017.??.??"]
[EventType "tourn"]
[EventRounds "7"]
[EventCountry "DEN"]

1. Nf3 Nf6 2. b3 c5 3. Bb2 Nc6 4. e3 d5 5. d4 cxd4 6. Nxd4 e5 7. Nxc6 bxc6 8.
Bxe5 Qa5+ 9. Bc3 Bb4 10. Qd2 Rb8 11. Bxb4 Qxb4 12. Qxb4 Rxb4 13. Bd3 O-O 14. f3
Re8 15. Kf2 c5 16. c4 Ba6 17. Nd2 Nd7 18. Be2 d4 19. exd4 cxd4 20. Rhe1 Nc5 21.
Bf1 Kf8 22. Rxe8+ Kxe8 23. Re1+ Kd7 24. Ne4 Ne6 25. Rd1 Bb7 26. Ng3 a5 27. Ne2
a4 28. Nxd4 Nxd4 29. Rxd4+ Ke6 30. Rd3 Ke5 31. Ke3 Bc8 32. g4 Rb6 33. f4+ Ke6
34. Bg2 Bb7 35. Bxb7 Rxb7 36. Kd4 h5 37. h3 Kd6 38. Kc3+ Kc6 39. Rd5 hxg4 40.
hxg4 Re7 41. Re5 Rd7 42. Ra5 axb3 43. axb3 Rd1 44. Ra7 1-0

[Event "Bronshoj SenSommer 2017"]
[Site "Copenhagen"]
[Date "????.??.??"]
[Round "5"]
[White "Renneberg, Morten"]
[Black "Larsen, Soren Friis"]
[Result "1-0"]
[WhiteElo "2026"]
[BlackElo "1942"]
[PlyCount "87"]
[EventDate "2017.??.??"]
[EventType "tourn"]
[EventRounds "7"]
[EventCountry "DEN"]

1. Nf3 Nf6 2. d4 d5 3. c4 c6 4. e3 e6 5. Nc3 Bd6 6. Qc2 Nbd7 7. Bd3 h6 8. b3
O-O 9. O-O a6 10. Bb2 b5 11. e4 dxe4 12. Nxe4 Nxe4 13. Bxe4 Bb7 14. c5 Bc7 15.
b4 Nf6 16. Bd3 Nd5 17. a3 Qf6 18. Bc3 Rad8 19. Rad1 Bb8 20. Ba1 Kh8 21. Rfe1
Rg8 22. Bf1 g5 23. Qe4 Kg7 24. Ne5 h5 25. g3 Kf8 26. Rd3 g4 27. h3 Bxe5 28.
dxe5 Qg6 29. Qxg6 Rxg6 30. hxg4 hxg4 31. Re4 Ke7 32. Rdd4 Rdg8 33. Be2 f5 34.
exf6+ Nxf6 35. Re5 Rh6 36. Bf1 Nd5 37. Bg2 Kf7 38. Bb2 Rhg6 39. Rh5 Nf6 40. Rf4
R8g7 41. Be4 Ke7 42. Bxg6 Nxh5 43. Bxh5 Rh7 44. Bg6 1-0